| Tag |
First Indicator |
Second Indicator |
Subfields |
| LEADER |
00000cam a2200000 4500 |
| 001 |
in00000038459 |
| 005 |
20151007081048.0 |
| 008 |
750703s1943 eng u |
| 010 |
|
|
|a a 43002894
|
| 035 |
|
|
|a (OCoLC)01429159
|
| 035 |
|
|
|9 AAF5814AM
|
| 040 |
|
|
|c TOL
|d OCL
|d TXA
|d UtOrBLW
|
| 049 |
|
|
|a TXAM
|c [116833]
|
| 050 |
|
0 |
|a RC341
|b .T53
|
| 092 |
|
|
|a 132.082
|b T658c
|
| 100 |
1 |
|
|a Tomkins, Silvan S.
|q (Silvan Solomon),
|d 1911-1991.
|
| 245 |
1 |
0 |
|a Contemporary psychopathology ;
|b a source book /
|c edited by Silvan S. Tomkins ...With an introduction by Henry A. Murray.
|
| 264 |
|
1 |
|a Cambridge, Mass. :
|b Harvard university press,
|c 1943.
|
| 300 |
|
|
|a xiv pages, 1 leaf, 600 pages :
|b including tables, diagrams diagram ;
|c 24 cm.
|
| 336 |
|
|
|a text
|b txt
|2 rdacontent
|
| 337 |
|
|
|a unmediated
|b n
|2 rdamedia
|
| 338 |
|
|
|a volume
|b nc
|2 rdacarrier
|
| 650 |
|
0 |
|a Psychology, Pathological.
|
| 999 |
|
|
|a MARS
|
| 999 |
f |
f |
|s 30e7fa49-ba84-36f3-bfb5-344063ffb1e1
|i 40b859bf-fde6-3f53-8b3d-e9e6b94b9269
|t 0
|
| 952 |
f |
f |
|p ric
|a Texas A&M University
|b Rellis Campus
|c Joint Library Facility
|d Remote Storage
|t 0
|e RC341 .T53
|h Library of Congress classification
|i unmediated -- volume
|m A14800511626
|
| 998 |
f |
f |
|a RC341 .T53
|t 0
|l Remote Storage
|